| 000 | 00892nam a2200229Ia 4500 | ||
|---|---|---|---|
| 003 | GCL | ||
| 008 | 140319s9999 xx 000 0 ara d | ||
| 040 |
_aGCL / _cGCL |
||
| 082 | 0 | 4 |
_a709 _bع م |
| 100 | 1 | _aعفيف البهنسى | |
| 245 | 1 | 0 |
_aموسوعة تاريخ الفن والعمارة : _bمج2 - الفن فى اوروبا من عصر النهضة حتى اليوم \ مج2 - الفن واالعمارة \ مج3 - الفن والاستشراق / _cعفيف البهنسى |
| 250 | _aالاولى | ||
| 260 |
_aبيروت : _bدار الرائد اللبنانى ، _c0 |
||
| 300 |
_a2 مج ؛ _c24سم |
||
| 650 | 0 | 4 | _aالعمارة |
| 650 | 0 | 4 | _aالفن الرومانى |
| 650 | 0 | 4 | _aالتصوير |
| 650 | 0 | 4 | _aالفنون التجريدية |
| 650 | 0 | 4 | _aالفن - تاريخ ونقد |
| 650 | 0 | 4 | _aالفن - تاريخ - عصرالنهضة |
| 942 |
_2ddc _cBK |
||
| 999 |
_c5562 _d5562 |
||